傾城一諾 : 縷結同心 . 11
| 資料類型: | 圖書 | 書目號: | 52925 |
Leader xxxxxxxxxx 001 __ 102579/0/01 005 __ 20190417142304.002 010 0_ |a9789869552875|b第11冊 : 平裝|d新臺幣280元 042 __ |anbic 100 __ |a20190417d2018 m y0chiy50 e 101 0_ |achi 102 __ |atw 105 __ |ay z 000ay 200 1_ |a傾城一諾|h11|e縷結同心|f鳳今著 205 __ |a初版 210 __ |a臺北市|c晴空文化|c家庭傳媒城邦分公司|d2018[民107] 215 0_ |a432面|d21公分 225 12 |a悅讀NOVEL|v11 517 1_ |a縷結同心|zchi 700 _1 |a鳳今|4著 681 __ |a857.7|b856 v.11 801 _0 |atw|bLibDipper|c20190417|gCCR |